000 00310 a2200145 4500
001 163624
020 _a
040 _cMagnum
100 _aPimentel, Ernani Filgueiras
240 1 0 _aGramatica pela pratica
_lpor
245 1 0 _aGramatica pela pratica
362 0 _a1899
697 _aGRAMATICA
942 _cBK
999 _c163624
_d163624